01315nam a2200301 450000100040000000300040000400500170000800700040002500800040002901000170003302000150005004000190006504300120008405000210009608200210011724502620013826001150040030000350051550001390055050400290068965000290071865000680074765000480081565000260086365000250088970000150091471000840092900000020150519121157.0000000 a 84008073  a0898386500 aUOELcDLCdDLC aew-----00aSF207b.G68 198400a636.2/13/09421900aGrassland beef production :ba seminar in the CEC programme of coordination of research on beef production, held at the Centre for European Agricultural Studies, Wye College (University of London), Ashford, Kent, UK, July 25-27, 1983 /cedited by W. Holmes. aBoston :bM. Nijhoff Publishers ;aHingham, MA :bDistributors for the U.S. and Canada, Kluwer Boston,cc1984. aviii, 195 p. :bill. ;c25 cm. a"Sponsored by the Commission of the European Communities, Directorate-General for Agriculture, Coordination of Agricultural Research." aIncludes bibliographies. 0aBeef cattlexCongresses. 0aBeef cattlezEuropean Economic Community countriesxCongresses. 0aBeef cattlexFeeding and feedsxCongresses. 0aPasturesxCongresses. 0aGrazingxCongresses.1 aHolmes, W.2 aCommission of the European Communities.bCoordination of Agricultural Research.